| 000 | 01260nam0a22002891 4500 | ||
|---|---|---|---|
| 001 | rc\463066 | ||
| 005 | 20250621093840.0 | ||
| 035 | _a(NLR Aleph) 005707342 | ||
| 090 |
_a7341008 _c7341008 |
||
| 100 | _a20030616d1987 |||y0rusy50 ca | ||
| 101 | 0 | _arus | |
| 102 | _aRU | ||
| 105 | _aa ||||||||| | ||
| 200 | 1 |
_aВешних дней лаборатория _eСтихотворения (1926-1937 гг.) _fНиколай Заболоцкий _g[Сост., авт. вступ. ст. и примеч. Н.Н. Заболоцкий _gГрав. Ю. Космынина] |
|
| 210 |
_aМ. _cМол. гвардия _d1987 |
||
| 215 |
_a175 с. _cил. _d17 |
||
| 225 | 1 | _aВ молодые годы | |
| 320 | _aОсновные изд. произведений Н.А. Заболоцкого, лит. о нем: с. 173 | ||
| 327 | 1 | _aСодерж.: Стихи; Торжество Земледелия: Поэма | |
| 464 | 0 |
_12001#$aСтихи _tСтихи |
|
| 464 | 0 |
_12001#$aТоржество Земледелия _tТоржество Земледелия |
|
| 700 | 1 |
_aЗаболоцкий _bН.А. _f1903-1958 _gНиколай Алексеевич |
|
| 801 | 0 |
_aRU _bNLR _gpsbo |
|
| 801 | 1 |
_aRU _bELAR _2rusmarc |
|
| 852 |
_aNLR _j87-2/325 |
||
| 942 | _cBOOK | ||
| 980 | _aNB | ||